Im Glanz der Kaiserzeit

Titel: Im Glanz der Kaiserzeit / Fürstin Nora Fugger
Verfasser:
Ausgabe: 2. Aufl.
Veröffentlicht: Wien ˜[u.a.]œ : Amalthea, 1980
Umfang: 456 S. : Ill. ; 23 cm
Format: Buch
Sprache: Deutsch
RVK-Notation:
Schlagworte:
ISBN: 3850021327
Buchumschlag
X
Lokale Klassifikation: 20 7 J ; 20 5 Fa ; 20 13 L
alg: 8065174
001A    $06000:27-07-99 
001B    $01999:12-05-23 $t22:42:48.000 
001C    $03004:12-09-16 $t14:07:02.000 
001D    $09999:99-99-99 
001U    $0utf8 
001X    $00 
002@    $0Aaxaf 
003@    $0080651747 
003O    $012315332 $aOCoLC 
004A    $03-85002-132-7 $fGewebe : DM 29.80 
006G    $0810228343 
006U    $081,A13,0620 
007A    $0810228343 $aDNB 
007G    $0DE020D037775FDF8A9D91C1258035004CAB94 
009P    $qapplication/pdf $A2 $3Inhaltsverzeichnis $uhttp://scans.hebis.de/HEBCGI/show.pl?08065174_toc.pdf $mV:DE-603;B:DE-Mb50 
010@    $ager 
011@    $a1980 $n1980 
015@    $00 
021A    $aIm Glanz der Kaiserzeit $hFürstin Nora Fugger 
028A    $#Fugger von Babenhausen, Eleonora Aloysia Maria Fürstin $#Babenhausen, Eleonora Aloysia Maria Fugger von $7118536788 $8Fugger, Nora$Z1864-1945 [Tp1] $9086877844 
032@    $a2. Aufl. 
033A    $pWien {[u.a.] $nAmalthea 
034D    $a456 S. 
034I    $a23 cm 
034M    $aIll. 
044F    $cFugger, Nora 
044F    $aHabsburger 
044F    $aJahrhundert, 18. / Allg. Geschichte 
044K    $RHof $#Hofkultur $#Hofleben Höfische Kultur $#Höfische Lebensweise $#Adelskultur $74122200-3 $8Höfische Kultur [Ts1] $9085398969 
044K    $#Wienn $#Viedeň $#Vinna $#Wiedeń Wien $#Vena $#Wienna $#Vin $#Biennē $#Viennē $#Wīn $#Bécs $#Vídeň $#Vjenë $#Dunaj $#Wenia $#Bundesland Wien $#Land Wien $#Stadt Wien $#Bundeshauptstadt Wien $#Bundesunmittelbare Stadt Wien $#Kaiserlich-Königliche Reichshaupt- und Residenzstadt Wien $#K.K. Reichshaupt- und Residenzstadt Wien $#Reichshaupt- und Residenzstadt Wien $#Reichsgau Wien $#Vienna $#Vienne Österreich $#Beč $#Viena $#Bécs $#Vindobona Wien $#Vienna Pannoniae $#Vindobona $#Vienna Austriae $#Vienne $#Gemeinde Wien $#Vienna Fluviorum $74066009-6 $8Wien [Tgz] $9085185515 
044K    $#Fugger von Babenhausen, Eleonora Aloysia Maria Fürstin $#Babenhausen, Eleonora Aloysia Maria Fugger von $7118536788 $8Fugger, Nora$Z1864-1945 [Tp1] $9086877844 
045E    $b14a 
045F    $a900.943609034 $eDDC23BSB 
045F/01 $a900 
045F/03 $f09034 
045F/03 $f09041 
045F/03 $g436 
045G    $a306.09436 $eDDC23BSB 
045G/01 $a306.09 
045G/03 $g436 
045R    $aGeschichte 1800-1900 
045Z    $8NP 5911 [Tkv] $9410909238 

lok: 8065174 3

exp: 8065174 3 1 #EPN
201B/01 $006-04-11 $t17:20:22.000 
201U/01 $0utf8 
203@/01 $0614502004 
206W/01 $0UB1-s4300072 
208@/01 $a01-01-11 $brAa 
209A/01 $a81.862.84 $du $f000 $x00 
209B/01 $aStUB-Retro $x05 
209G/01 $a81862842 $x00 
209U/01 $qimage/gif $A2 $3Katalogkarte der UB Frankfurt $uhttp://resolver.hebis.de/retro/s4300072 $mV:DE-603;B:DE-30 
247C/01 $8601000-3 <30>Frankfurt, Universitätsbibliothek J. C. Senckenberg, Zentralbibliothek (ZB) $9102598258 

lok: 8065174 24
101B    $012-09-16 $t14:07:02.000 
101C    $012-09-16 
101U    $0utf8 
145Z/01 $a20 7 J 
145Z/02 $a20 5 Fa 
145Z/03 $a20 13 L 

exp: 8065174 24 1 #EPN
201B/01 $012-09-16 $t14:09:20.000 
201C/01 $012-09-16 
201U/01 $0utf8 
203@/01 $0782567738 
208@/01 $a12-09-16 $bz 
209A/01 $a16.06600 $du $f050 $h16 06600 $x00 
209C/01 $a16.06600 G $h16 06600 G 
209G/01 $a73909368 $x00 
220C/01 $ahae 
247C/01 $8358050-7 Marburg, Bibliothek des Herder-Instituts Marburg $9102600961
LEADER 00000cam a22000002c 4500
001 080651747
003 DE-603
005 20230512224248.0
007 tu
008 990727s1980 xx |||| | u00||u|ger
015 |a 81,A13,0620  |2 dnb 
016 7 |2 DE-101  |a 810228343 
020 |a 3850021327  |c Gewebe : DM 29.80 
035 |a (DE-599)DNB810228343 
035 |a (OCoLC)12315332 
040 |a DE-603  |b ger  |c DE-603  |d DE-603 
041 |a ger 
082 0 4 |8 1\u  |a 900.943609034  |q DE-101  |2 23/BSB 
083 0 |8 2\u  |a 306.09436  |q DE-101  |2 23/BSB 
084 |a 14a  |q DE-101  |2 sdnb 
084 |a NP 5911  |0 (DE-625)127952:  |0 (DE-603)410909238  |2 rvk 
085 |8 1\u  |b 900 
085 |8 1\u  |z 1  |s 09034 
085 |8 1\u  |z 1  |s 09041 
085 |8 1\u  |z 2  |s 436 
085 |8 2\u  |b 306.09 
085 |8 2\u  |z 2  |s 436 
100 1 |a Fugger, Nora  |d 1864-1945  |0 (DE-603)086877844  |0 (DE-588)118536788  |2 gnd 
245 0 0 |a Im Glanz der Kaiserzeit  |c Fürstin Nora Fugger 
250 |a 2. Aufl. 
264 1 |a Wien ˜[u.a.]œ  |b Amalthea  |c 1980 
300 |a 456 S.  |b Ill.  |c 23 cm 
600 1 7 |a Fugger, Nora  |d 1864-1945  |0 (DE-588)118536788  |0 (DE-603)086877844  |2 gnd 
600 1 7 |a Fugger, Nora  |2 local 
648 7 |a Geschichte 1800-1900  |2 gnd 
650 7 |a Höfische Kultur  |0 (DE-588)4122200-3  |0 (DE-603)085398969  |2 gnd 
650 7 |a Habsburger  |2 local 
650 7 |a Jahrhundert, 18. / Allg. Geschichte  |2 local 
651 7 |a Wien  |0 (DE-588)4066009-6  |0 (DE-603)085185515  |2 gnd 
856 4 2 |m V:DE-603;B:DE-Mb50  |q application/pdf  |u http://scans.hebis.de/HEBCGI/show.pl?08065174_toc.pdf  |3 Inhaltsverzeichnis 
924 0 |9 30  |a (DE-603)614502004  |b DE-30  |c HES  |d c  |g 81.862.84 
924 0 |9 Mb 50  |a (DE-603)782567738  |b DE-Mb50  |c HES  |d c  |g 16.06600